000 00575nam a22002057a 4500
003 OSt
005 20140310182315.0
008 130920t xxu||||| |||| 00| 0 eng d
020 _a0713626828
050 _aPE 1112
_b.H673 1986
082 _aGS 428.2
_bH624 1986
100 _aHislam, Jane
_921023
245 _aMyths and legends /
_cJane Hislam.
260 _aLondon :
_bA & C Black (Publishers )Limited,
_cc1986.
300 _a63 p. :
_bill. ;
_c24 cm.
650 _aEnglish language
_xGrammar
_x1950.
_921024
942 _2lcc
_cBK-GS
999 _c11733
_d11733